European History by Letter - S - Statistics

General Stats
  • This quiz has been taken 280 times
  • The average score is 9 of 20
Answer Stats
Hint Answer % Correct
One of the greatest thinkers of ancient Greece Socrates
93%
The greatest bard in English literature Shakespeare
91%
Leader of a slave rebellion in ancient Rome Spartacus
82%
Jazz is hardly imaginable without his invention (Adolphe) Sax
81%
Decisive WWII battleground in Eastern Europe Stalingrad
74%
Founded by a “great” Russian tsar St. Petersburg
66%
Lost its independence in the Treaty of Union 1707 Scotland
64%
Form of slavery of peasants in the Middle Ages and early modern period Serfdom
58%
Split between the Roman-Catholic and the Orthodox churches in 1054 Schism
57%
Irish republican party led by Gerry Adams for 35 years Sinn Féin
53%
Austrian Empress assassinated in 1898 in Geneva (nickname) Sisi
34%
Portuguese dictator whose authoritarian system ended with the Carnation Revolution (Antonio) Salazar
27%
Name of several famous Roman generals in the Punic Wars, one of them defeating Hannibal Scipio
26%
Several incidents with this battleship type in the 1980s caused chaos in Sweden’s navy and politics Submarine
26%
This driving class of the French Revolution wore no breeches Sansculottes
23%
German playwright considered an advocate of liberalism (Friedrich, “the Robbers”, “William Tell”) Schiller
21%
Roman dictator who gave up his power voluntarily in 79 BC (Lucius Cornelius) Sulla
17%
“Great” tsar of Bulgaria in the 9th/10th century Simeon
12%
This Russian general born in 1730 fought in numerous countries and crossed the Alps (Alexander) Suvorov
8%
Nickname of Bavarian king Ludwig II who mysteriously drowned in Lake Starnberg Swan king
5%
No matching quizzes found
Score Distribution
Percent of People with Each Score
Percentile by Number Answered
Your Score History
You have not taken this quiz